Statistiken für Länder zu Hauptstadt - Afrika

Klicken Sie hier um das Quiz zu spielen!

Allgemein

  • Dieses Quiz wurde 125 mal gespielt
  • Das Durchschnittsergebnis liegt bei 38 aus 53

Antwortstatistiken

HintAntwort% Korrekt
AlgierAlgerien
98%
AccraGhana
95%
WindhoekNamibia
91%
Sao TomeSao Tome
91%
RabatMarokko
90%
MogadischuSomalia
89%
KhartumSudan
87%
KhartumSudan
87%
KairoÄgypten
84%
PretoriaSüdafrika
84%
BrazzavilleKongo
82%
KinshasaRep Kongo
82%
TripolisLibyen
80%
NairobiKenia
78%
LuandaAngola
77%
ConakryGuinea
76%
GitegaBurundi
73%
GitegaBurundi
73%
HarareSimbabwe
73%
Port LouisMauritius
72%
VictoriaSeychellen
72%
DodomaTansania
72%
NiameyNiger
71%
DakarSenegal
71%
LoméTogo
71%
BissauGuinea-Bissau
70%
KampalaUganda
70%
Addis AbebaÄthiopien
68%
OuagadougouBurkina Faso
68%
DschibutiDschibuti
68%
AsmaraEritrea
68%
BanjulGambia
68%
YaoundéKamerun
68%
BamakoMali
67%
AbujaNigeria
67%
FreetownSierra Leone
67%
N‘DjamenaTschad
67%
PraiaKap Verde
66%
LibrevilleGabun
63%
MaseruLesotho
63%
MaputoMosambik
63%
JubaSüdsudan
63%
MbabaneEswatini
62%
Porto-NovoBenin
61%
YamoussoukroElfenbeinküste
61%
LusakaSambia
61%
MalaboÄquatorialguinea
60%
GabaroneBotswana
60%
AntananarivoMadagaskar
60%
MoroniKomoren
59%
NouakchottMauretanien
59%
BanguiZentralafrikanische Rep
45%
MonroviaLieberia
12%

Verteilung der Resultate

Perzentil nach korrekt beantworteten Fragen

Anzahl Personen mit jedem Resultat

Ihre Resultats-Entwicklung

Sie haben dieses Quiz noch nicht gespielt